Jesus Christ: (Record no. 6421)

MARC details
000 -LEADER
fixed length control field 00522nam a22001817a 4500
003 - CONTROL NUMBER IDENTIFIER
control field GBCCL
005 - DATE AND TIME OF LATEST TRANSACTION
control field 20241126110602.0
008 - FIXED-LENGTH DATA ELEMENTS--GENERAL INFORMATION
fixed length control field 180514b ||||| |||| 00| 0 eng d
040 ## - CATALOGING SOURCE
Transcribing agency gbc
082 ## - DEWEY DECIMAL CLASSIFICATION NUMBER
Classification number 232.92
Item number MIL
100 ## - MAIN ENTRY--PERSONAL NAME
Personal name Miller, J. Michael
9 (RLIN) 11502
245 ## - TITLE STATEMENT
Title Jesus Christ:
Remainder of title Early years /
Statement of responsibility, etc. J. Michael Miller
260 ## - PUBLICATION, DISTRIBUTION, ETC.
Name of publisher, distributor, etc. Graded Press,
Place of publication, distribution, etc. Nashville:
Date of publication, distribution, etc. 1985
300 ## - PHYSICAL DESCRIPTION
Extent 64 p.;
Other physical details ill., port.,
Dimensions 21 cm.
440 ## - SERIES STATEMENT/ADDED ENTRY--TITLE
Title Who do you say that I am?
9 (RLIN) 11512
650 ## - SUBJECT ADDED ENTRY--TOPICAL TERM
Topical term or geographic name entry element Jesus Christ
General subdivision Early years
9 (RLIN) 11503
942 ## - ADDED ENTRY ELEMENTS (KOHA)
Source of classification or shelving scheme Dewey Decimal Classification
Koha item type Books
Holdings
Withdrawn status Lost status Source of classification or shelving scheme Damaged status Not for loan Home library Current Library Shelving location Date acquired Total checkouts Full call number Barcode Date last seen Copy number Price effective from Koha item type
    Dewey Decimal Classification     GRACE BIBLE COLLEGE GRACE BIBLE COLLEGE Theology 2018-05-14   232.92 MIL 007021 2025-05-01 c.1 2018-05-14 Books
© Grace Bible College Library 2025